<?xml version="1.0" encoding="UTF-8"?>
<record
    xmlns:xsi="http://www.w3.org/2001/XMLSchema-instance"
    xsi:schemaLocation="http://www.loc.gov/MARC21/slim http://www.loc.gov/standards/marcxml/schema/MARC21slim.xsd"
    xmlns="http://www.loc.gov/MARC21/slim">

  <leader>00750nam a22001937a 4500</leader>
  <controlfield tag="003">NUST-PNEC</controlfield>
  <controlfield tag="005">20170116180716.0</controlfield>
  <controlfield tag="008">141018b        xxu||||| |||| 00| 0 eng d</controlfield>
  <datafield tag="020" ind1=" " ind2=" ">
    <subfield code="a">0070404437</subfield>
  </datafield>
  <datafield tag="040" ind1=" " ind2=" ">
    <subfield code="c">PNEC</subfield>
  </datafield>
  <datafield tag="082" ind1=" " ind2=" ">
    <subfield code="a">621.3815 MAR</subfield>
  </datafield>
  <datafield tag="100" ind1=" " ind2=" ">
    <subfield code="9">685</subfield>
    <subfield code="a">Markus John</subfield>
  </datafield>
  <datafield tag="245" ind1=" " ind2=" ">
    <subfield code="a">Sourcebook of electronic circuits.</subfield>
    <subfield code="c">John Markus</subfield>
  </datafield>
  <datafield tag="260" ind1=" " ind2=" ">
    <subfield code="a">New York, </subfield>
    <subfield code="b">McGraw-Hill </subfield>
    <subfield code="c">c.1968</subfield>
  </datafield>
  <datafield tag="300" ind1=" " ind2=" ">
    <subfield code="a">vii, 888 pages </subfield>
    <subfield code="b">chiefly illustrations </subfield>
    <subfield code="c">28 cm</subfield>
  </datafield>
  <datafield tag="500" ind1=" " ind2=" ">
    <subfield code="a">http://www.amazon.com/Sourcebook-Electronic-Circuits-John-Markus/dp/0070404437/ref=sr_1_1?s=books&amp;ie=UTF8&amp;qid=1413627432&amp;sr=1-1&amp;keywords=0070404437  https://www.worldcat.org/title/sourcebook-of-electronic-circuits/oclc/373461&amp;referer=brief_results</subfield>
  </datafield>
  <datafield tag="650" ind1=" " ind2=" ">
    <subfield code="x">EL</subfield>
  </datafield>
  <datafield tag="942" ind1=" " ind2=" ">
    <subfield code="2">ddc</subfield>
    <subfield code="c">BK</subfield>
  </datafield>
  <datafield tag="999" ind1=" " ind2=" ">
    <subfield code="c">61149</subfield>
    <subfield code="d">61149</subfield>
  </datafield>
  <datafield tag="952" ind1=" " ind2=" ">
    <subfield code="0">0</subfield>
    <subfield code="1">0</subfield>
    <subfield code="2">ddc</subfield>
    <subfield code="4">0</subfield>
    <subfield code="7">0</subfield>
    <subfield code="a">PNEC</subfield>
    <subfield code="b">PNEC</subfield>
    <subfield code="c">REF</subfield>
    <subfield code="d">1986-08-25</subfield>
    <subfield code="e">Habib Sons</subfield>
    <subfield code="g">1737.00</subfield>
    <subfield code="l">0</subfield>
    <subfield code="o">621.3815 MAR</subfield>
    <subfield code="p">PNECLIB-010274</subfield>
    <subfield code="r">2014-10-18</subfield>
    <subfield code="v">1737.00</subfield>
    <subfield code="w">1986-08-25</subfield>
    <subfield code="y">BK</subfield>
  </datafield>
</record>
